| Tag |
First Indicator |
Second Indicator |
Subfields |
| LEADER |
00000cam a2200000 a 4500 |
| 001 |
in00000078653 |
| 005 |
20151008053859.0 |
| 008 |
781128s1978 caub b 00110 engm |
| 010 |
|
|
|a 78059131
|
| 020 |
|
|
|a 0817969926
|
| 035 |
|
|
|a (OCoLC)04491852
|
| 035 |
|
|
|9 AAH8942AM
|
| 040 |
|
|
|a DLC
|c DLC
|d m.c.
|d OCL
|d TXA
|d UtOrBLW
|
| 043 |
|
|
|a f-sa---
|
| 049 |
|
|
|a TXAM
|c [1422172]
|
| 050 |
0 |
0 |
|a DT763
|b .G34
|
| 082 |
0 |
|
|a 309.1/68/06
|
| 090 |
|
|
|a DT763
|b .G34 1979
|
| 100 |
1 |
|
|a Gann, Lewis H.,
|d 1924-1997.
|
| 245 |
1 |
0 |
|a South Africa :
|b war, revolution, or peace? /
|c L.H. Gann, Peter Duignan.
|
| 264 |
|
1 |
|a Stanford, Calif. :
|b Hoover Institution Press, Stanford University,
|c [1978]
|
| 264 |
|
3 |
|c 1979 printing
|
| 264 |
|
4 |
|c ©1978
|
| 300 |
|
|
|a xii, 85 pages :
|b maps ;
|c 23 cm.
|
| 336 |
|
|
|a text
|b txt
|2 rdacontent
|
| 337 |
|
|
|a unmediated
|b n
|2 rdamedia
|
| 338 |
|
|
|a volume
|b nc
|2 rdacarrier
|
| 490 |
1 |
|
|a Hoover Institution publication ;
|v 199
|
| 490 |
1 |
|
|a Hoover international studies
|
| 504 |
|
|
|a Includes bibliographical references and index.
|
| 651 |
|
0 |
|a South Africa
|x Race relations.
|
| 651 |
|
0 |
|a South Africa
|x Politics and government
|y 1961-1978.
|
| 651 |
|
0 |
|a South Africa
|x Economic conditions
|y 1961-1991.
|
| 700 |
1 |
|
|a Duignan, Peter.
|
| 830 |
|
0 |
|a Hoover Institution publication ;
|v 199.
|
| 830 |
|
0 |
|a Hoover international studies.
|
| 999 |
|
|
|a MARS
|
| 999 |
f |
f |
|s 755a9973-d484-3a5b-b470-0e14db15025e
|i d3c4364c-44a9-3246-81ee-1bef1d902680
|t 0
|
| 952 |
f |
f |
|p ric
|a Texas A&M University
|b Rellis Campus
|c Joint Library Facility
|d Remote Storage
|t 0
|e DT763 .G34 1979
|h Library of Congress classification
|i unmediated -- volume
|m A14806103447
|
| 998 |
f |
f |
|a DT763 .G34 1979
|t 0
|l Remote Storage
|